Plasty. STN 64 0111 : Stanovení hustoty a relativní hustoty nelehčených plastů. Květen 1993

Salvato in:
Dettagli Bibliografici
Natura: Libro
Lingua:ceco
Pubblicazione: Praha : Český normalizační institut, 1993
Soggetti:
Tags: Aggiungi Tag
Nessun Tag, puoi essere il primo ad aggiungerne!!

MARC

LEADER 00000nam a22000003a 4500
001 stu79263
005 20150408175507.1
008 030225s1993----xr------------------cze-d
040 |a STU  |b slo 
041 0 |a cze 
044 |a xr 
080 |a 678 
245 |a Plasty. STN 64 0111 :  |b Stanovení hustoty a relativní hustoty nelehčených plastů. Květen 1993 
260 |a Praha :  |b Český normalizační institut,  |c 1993 
300 |a 12 s 
650 7 |a plasty  |2 stusub 
996 |b 284M039162  |c M*N-500-1  |l MMKN  |s A  |a 24  |w stu79263_0001